书目信息 |
| 题名: |
湖泊-流域生态系统管理研究
|
|
| 作者: | 刘永 , 郭怀成 著 | |
| 分册: | ||
| 出版信息: | 北京 科学出版社 2008 |
|
| 页数: | 11,258页 | |
| 开本: | 24cm | |
| 丛书名: | ||
| 单 册: | ||
| 中图分类: | X832 | |
| 科图分类: | ||
| 主题词: | 湖泊--生态系统--系统管理 , 湖泊 , 生态系 , 流域--生态系统--环境管理 , 流域 , 系统管理 | |
| 电子资源: | ||
| ISBN: | 978-7-03-020487-5 | |
| 000 | 01141nam0 2200313 450 | |
| 001 | 140704 | |
| 005 | 20140929104456.25 | |
| 010 | @a978-7-03-020487-5@dCNY 59.00 | |
| 100 | @a20080109d2008 em y0chiy50 ea | |
| 101 | 0 | @achi |
| 102 | @aCN@b110000 | |
| 105 | @ab z 000yy | |
| 200 | 1 | @a湖泊-流域生态系统管理研究@Ahu bo — liu yu sheng tai xi tong guan li yan jiu@b专著@dLake-watershed ecosystem management@etheory and application@f刘永,郭怀成著@zeng |
| 210 | @a北京@c科学出版社@d2008 | |
| 215 | @a11,258页@c地图@d24cm | |
| 300 | @a国家973计划项目(2005CB724205)研究成果 | |
| 330 | @a本书提出了系统性的流域生态系统管理理论、概念和研究方法体系,构建了由4个相互反馈的子模型组成的湖泊-流域生态系统管理综合模型。 | |
| 510 | 1 | @aLake-watershed ecosystem management@etheory and application@zeng |
| 606 | 0 | @a湖泊@x生态系统@x系统管理 |
| 606 | 0 | @a湖泊 |
| 606 | 0 | @a生态系 |
| 606 | 0 | @a流域@x生态系统@x环境管理 |
| 606 | 0 | @a流域 |
| 606 | 0 | @a系统管理 |
| 690 | @aX832@v4 | |
| 701 | 0 | @a刘永@Aliu yong@4著 |
| 701 | 0 | @a郭怀成@Aguo huai cheng@f(1953.8 )@4著 |
| 801 | 0 | @aCN@b110017@c20140929 |
| 905 | @a241430@dX832@eL712 | |
| 湖泊-流域生态系统管理研究=Lake-watershed ecosystem management:theory and application/刘永,郭怀成著.-北京:科学出版社,2008 |
| 11,258页:地图;24cm |
| 国家973计划项目(2005CB724205)研究成果 |
| ISBN 978-7-03-020487-5:CNY 59.00 |
| 本书提出了系统性的流域生态系统管理理论、概念和研究方法体系,构建了由4个相互反馈的子模型组成的湖泊-流域生态系统管理综合模型。 |
| ● |
| 相关链接 |
|
|
|
正题名:湖泊-流域生态系统管理研究
索取号:X832/L712
 
预约/预借
| 序号 | 登录号 | 条形码 | 馆藏地/架位号 | 状态 | 备注 |
| 1 | 0835940 | 208359408 | 自科库501/501自科库 117排1列2层/ [索取号:X832/L712] | 在馆 | |
| 2 | 0835941 | 208359417 | 期刊室512/501自科库 117排1列2层/ [索取号:X832/L712] | 在馆 |